000 00412nam a2200157Ia 4500
008 230711s9999||||xx |||||||||||||| ||und||
041 _aENG
082 _a621.319
_bWA-C
100 _aArrillaga,J
245 0 _aComputer modelling of electrical power system
250 _a2nd . Ed.
260 _c2003
_aNew Delhi
_bJohn Wiley & Sons.Inc
650 _aElectrical Engineering
700 _aWatson,N R
942 _cBK
999 _c4163
_d4163